| 000 | 00970cam a2200253 4500 | ||
|---|---|---|---|
| 001 | J92814 | ||
| 008 | 090401t1998 xxu||||| |||| 00| 0 eng d | ||
| 035 | _a(Sirsi) u87347 | ||
| 041 | _aeng | ||
| 050 | _a692.8 | ||
| 110 |
_aJoint Contracts Tribunal _93664 |
||
| 245 | _aStandard Form of Measured Term Contract 1989 edition ... Amendment 4 and guidance notes issued April 1998 : amendments to comply with the provisions of the Housing Grants, Construction and Regeneration Act 1996: Part II construction contracts. | ||
| 260 |
_aLondon _bRIBA Publications _c1998 |
||
| 300 | _a27p. ; 30cm. | ||
| 350 | _a0 | ||
| 650 | _aAMENDMENT 4 | ||
| 650 | _aBUILT ENVIRONMENT-BUILDING CONTRACT FORMS | ||
| 650 | _aHOUSING GRANTS, CONSTRUCTION AND REGENERATION ACT 1996 PART II | ||
| 650 | _aJCT STANDARD FORM OF MEASURED TERM CONTRACT | ||
| 650 | _aMEASURED TERM CONTRACTS | ||
| 690 | _aBUILT ENVIRONMENT-BUILDING CONTRACT FORMS | ||
| 942 | _n0 | ||
| 948 | _c13/07/1998 | ||
| 999 |
_c97222 _d97222 |
||